| 000 | 00582nam a22001817a 4500 | ||
|---|---|---|---|
| 005 | 20231128124320.0 | ||
| 008 | 231128b |||||||| |||| 00| 0 eng d | ||
| 020 | _a9780702181979 | ||
| 041 | _aEnglish | ||
| 082 | _a340.06 HAN | ||
| 100 |
_aHansjee, B and Kader, F _lEnglish |
||
| 245 |
_aThe Survivor's Guide for Candidate Attorneys / _cB Hasnjee and F Kader |
||
| 250 | _aFirst Edition | ||
| 260 |
_aCape Town : _bJuta and Company Ltd, _c2010 |
||
| 300 |
_bviii, 196 pages ; _c22 cm. |
||
| 650 |
_aLegal practice _bLaw |
||
| 942 |
_cBK _6ALISON_BN_VRIES |
||
| 999 |
_c1010 _d1010 |
||